Vybrané kapitoly z gramatiky ruského jazyka
Guardado en:
| Autor principal: | |
|---|---|
| Autores Corporativos: | , |
| Otros Autores: | , , |
| Formato: | Libro |
| Lenguaje: | eslovaco |
| Publicado: |
Bratislava
Vydavateľstvo EKONÓM
2007
|
| Materias: | |
| Etiquetas: |
Sin Etiquetas, Sea el primero en etiquetar este registro!
|
MARC
| LEADER | 00000nam$a2200000$$$4500 | ||
|---|---|---|---|
| 001 | 0057300 | ||
| 005 | 20240502071639.2 | ||
| 020 | |a 978-80-225-2328-8 | ||
| 020 | |a 978-80-225-3269-3 | ||
| 041 | 0 | |a slo | |
| 044 | |a SK | ||
| 245 | 1 | 0 | |a Vybrané kapitoly z gramatiky ruského jazyka |c Katarína Strelková, Ján Kratochvíla |
| 264 | 1 | |a Bratislava |b Vydavateľstvo EKONÓM |c 2007 | |
| 300 | |a 130 s. [8,764 AH] | ||
| 610 | 2 | 0 | |a jazyky cudzie |
| 610 | 2 | 0 | |a jazykoveda |
| 610 | 2 | 0 | |a terminológia |
| 610 | 2 | 0 | |a ruština |
| 100 | 1 | |a Strelková, Katarína | |
| 700 | 1 | |a Kratochvíla, Ján | |
| 700 | 1 | |a Horňák, Róbert | |
| 700 | 1 | |a Tomovčíková, Stanislava | |
| 710 | 2 | |a Ekonomická univerzita v Bratislave. Ústav jazykov | |
| 710 | 2 | |a Ekonomická univerzita v Bratislave. Fakulta aplikovaných jazykov | |